00584nam a2200193Ia 450000500170000000800410001702000150005808200130007324500640008626000620015030000130021265000100022565000090023565000120024470000150025694200060027195200980027799900150037520240604050145.0240331s9999 xx 000 0 und d a9556250026 bBETa346 0aBetween two worlds :bmuslim women in amulti-Ethnic society aSri LankabMuslim Women's Research and Action Forumc1999 a102 p ., aWoman aLaws aSociety aMWRAFeedt cL 001040708LaWERCLbWERCLcSSCd2024-03-31l0o 346.01 BETp5795r2024-03-31w2024-03-31yL c2859d2859